| 000 | 00649nam a2200205Ia 4500 | ||
|---|---|---|---|
| 005 | 20220616125901.0 | ||
| 008 | 210716s2009 xx 000 0 und d | ||
| 020 | _a9788173715334 | ||
| 040 | _cAIMIT LIBRARY | ||
| 041 | _aeng | ||
| 082 |
_a005.73 _22 _bKORI |
||
| 100 |
_aKoren, Israel. _943377 |
||
| 245 |
_aComputer arithmetic algorithms / _cBy Israel Koren. |
||
| 250 | _a2nd ed. | ||
| 260 |
_aHyderabad : _bUniversities Press , _c2009 . |
||
| 300 |
_axv, 281p. ; _c24 cm. |
||
| 650 |
_aDivision through multiplication _943378 |
||
| 650 |
_aSequential algorithms for multiplication and division _943379 |
||
| 942 |
_2ddc _cBK _e2nd _k005.73 KORI |
||
| 999 |
_c192499 _d192499 |
||